000 00835nam a22002297a 4500
003 OSt
005 20230126163229.0
008 220916b |||||||| |||| 00| 0 eng d
020 _a84 95471 71 X
040 _cBiblioteca Lado V
082 _a701.1
_bV187j
100 _9661
_aVallhonrat, Javier
_eautor
245 _aJavier Vallhonrat/
_bHabla con Santiago Olmo/
260 _aMadrid
_bLa Fabrica
_c2003
300 _a78p.
_c11x15cm
505 _tFotografĂ­a y Realidad
_tLa IconografĂ­a del presente
_tUn posible grado cero
_tEl mundo maqueta
650 _2Tesauro de Arte & Arquitectura
_aANALISIS
650 _2Tesauro de Arte & Arquitectura
_aFILOSOFIA
650 _2Tesauro de Arte & Arquitectura
_aARTE
650 _2Tesauro de Arte & Arquitectura
_aJAVIER VALLHONRAT
942 _2ddc
_c1
_h701.1
_iV187j
_n0
999 _c2941
_d2941